[Event "SVK-chT2A 2425"]
[Site "Slovakia"]
[Date "2024.11.30"]
[Round "3.4"]
[White "Starzec, Juraj"]
[Black "Mydlarik, Martin"]
[Result "0-1"]
[WhiteElo "1984"]
[BlackElo "2046"]
[PlyCount "42"]
[EventDate "2024.11.09"]
[EventType "team-tourn"]
[EventRounds "11"]
[EventCountry "SVK"]
[SourceTitle "CB51_2024"]
[SourceDate "2024.12.18"]
[SourceVersion "1"]
[SourceVersionDate "2024.12.18"]
[SourceQuality "1"]
[WhiteTeam "Hlohovec"]
[BlackTeam "Modra II"]
[WhiteTeamCountry "SVK"]
[BlackTeamCountry "SVK"]

1. e4 c5 2. Nf3 e6 3. d4 cxd4 4. Nxd4 a6 5. a3 b5 6. c4 bxc4 7. Bxc4 Qc7 8. Qe2 Bb7 9. Nc3 Bc5 10. Nf3 Nc6 11. 0-0 Nd4 12. Nxd4 Bxd4 13. Bd2 Nf6 14. Bd3 0-0 15. Kh1 d5 16. exd5 exd5 17. Rac1 Qd7 18. Bf4 Rfe8 19. Qd1 Ba7 20. h3 d4 21. Ne4 Bxe4 0-1

[Event "SVK-chT3A2 2122"]
[Site "Slovakia"]
[Date "2022.04.24"]
[Round "6.1"]
[White "Podjavorinsky, Michal"]
[Black "Starzec, Juraj"]
[Result "1/2-1/2"]
[WhiteElo "1941"]
[BlackElo "1956"]
[PlyCount "61"]
[EventDate "2021.10.10"]
[EventType "team-tourn"]
[EventRounds "11"]
[EventCountry "SVK"]
[SourceTitle "EXT 2024"]
[Source "ChessBase"]
[SourceDate "2023.10.10"]
[SourceVersion "1"]
[SourceVersionDate "2023.10.10"]
[SourceQuality "1"]
[WhiteTeam "Vrbove"]
[BlackTeam "Hlohovec"]
[WhiteTeamCountry "SVK"]
[BlackTeamCountry "SVK"]

1. e4 e5 2. Nf3 Nf6 3. Nxe5 d6 4. Nf3 Nxe4 5. d4 d5 6. Bd3 Nc6 7. 0-0 Be7 8. c4 Nb4 9. Bxe4 dxe4 10. Ne5 0-0 11. a3 f6 12. axb4 fxe5 13. dxe5 Bxb4 14. Qe2 Qd4 15. Be3 Qxe5 16. c5 a5 17. Na3 Be6 18. Rfc1 Rf6 19. Nb5 Rg6 20. Nd4 Bd5 21. Nc2 Rf8 22. Nxb4 axb4 23. Ra4 b3 24. Rca1 h6 25. Ra8 Rxa8 26. Rxa8+ Kh7 27. Qd2 Qe6 28. g3 Rf6 29. Qd4 Rf7 30. Rd8 Rd7 31. Rxd7 1/2-1/2

[Event "SVK-chT3A2 2122"]
[Site "Slovakia"]
[Date "2022.01.30"]
[Round "8.3"]
[White "Libich, Oliver1"]
[Black "Starzec, Juraj"]
[Result "0-1"]
[WhiteElo "1339"]
[BlackElo "1956"]
[PlyCount "56"]
[EventDate "2021.10.10"]
[EventType "team-tourn"]
[EventRounds "11"]
[EventCountry "SVK"]
[SourceTitle "EXT 2023"]
[Source "ChessBase"]
[SourceDate "2022.10.05"]
[SourceVersion "1"]
[SourceVersionDate "2022.10.05"]
[SourceQuality "1"]
[WhiteTeam "Modranka Komplet II"]
[BlackTeam "Hlohovec"]
[WhiteTeamCountry "SVK"]
[BlackTeamCountry "SVK"]

1. d4 Nf6 2. c4 d6 3. Nf3 g6 4. Nc3 Bg7 5. e3 0-0 6. Bd3 Nbd7 7. 0-0 e5 8. Qc2 c6 9. b3 Re8 10. Bb2 Qc7 11. Rac1 Nf8 12. dxe5 dxe5 13. Rfd1 Bg4 14. Be2 e4 15. Nd4 Bxe2 16. Ndxe2 Ng4 17. Ng3 f5 18. h3 Ne5 19. Nce2 Ne6 20. Bxe5 Bxe5 21. Rd2 Rad8 22. Rcd1 Rxd2 23. Rxd2 Rd8 24. Rxd8+ Qxd8 25. Nf1 Qd3 26. Qd2 Nc5 27. Qb4 b6 28. Nfg3 Qd1+ 0-1

[Event "SVK-chT2D 1920"]
[Site "Slovakia"]
[Date "2019.11.16"]
[Round "3.5"]
[White "Starzec, Juraj"]
[Black "Tobias, Gyozo"]
[Result "1/2-1/2"]
[WhiteElo "1939"]
[BlackElo "1902"]
[PlyCount "36"]
[EventDate "2019.10.26"]
[EventType "team-tourn"]
[EventRounds "11"]
[EventCountry "SVK"]
[SourceTitle "CBM 193 Extra"]
[Source "ChessBase"]
[SourceDate "2020.01.31"]
[SourceVersion "1"]
[SourceVersionDate "2020.01.31"]
[SourceQuality "1"]
[WhiteTeam "Margecany"]
[BlackTeam "Velke Kapusany"]
[WhiteTeamCountry "SVK"]
[BlackTeamCountry "SVK"]

1. e4 c5 2. Nf3 Nc6 3. d4 cxd4 4. Nxd4 d6 5. Nc3 g6 6. Be3 Bg7 7. Qd2 Nf6 8. f3 Bd7 9. 0-0-0 a6 10. h4 h5 11. Kb1 Qc7 12. Be2 b5 13. Nxc6 Bxc6 14. Nd5 Bxd5 15. exd5 Nd7 16. f4 Rc8 17. Rc1 Qb7 18. Bf3 b4 1/2-1/2

[Event "SVK-chT1E 1415"]
[Site "Slovakia"]
[Date "2015.03.14"]
[Round "10.6"]
[White "Starzec, Juraj"]
[Black "Zvarikova, Alexandra"]
[Result "1/2-1/2"]
[WhiteElo "1958"]
[BlackElo "2043"]
[PlyCount "84"]
[EventDate "2014.10.18"]
[EventType "team-tourn"]
[EventRounds "11"]
[EventCountry "SVK"]
[SourceTitle "EXT 2016"]
[Source "ChessBase"]
[SourceDate "2015.10.08"]
[SourceVersion "1"]
[SourceVersionDate "2015.10.08"]
[SourceQuality "1"]
[WhiteTeam "Margecany"]
[BlackTeam "Zilina"]
[WhiteTeamCountry "SVK"]
[BlackTeamCountry "SVK"]

1. e4 e6 2. d4 d5 3. Nd2 Nf6 4. e5 Nfd7 5. f4 c5 6. c3 Nc6 7. Ndf3 Qb6 8. g3 cxd4 9. cxd4 Bb4+ 10. Kf2 f6 11. Kg2 0-0 12. Bd3 Qc7 13. Qc2 f5 14. Ne2 Nb6 15. a3 Be7 16. b4 Qd8 17. Bd2 a6 18. Qb3 Bd7 19. a4 a5 20. b5 Nb4 21. Bxb4 Bxb4 22. Rhc1 Rc8 23. Rxc8 Qxc8 24. Rc1 Qb8 25. Rc2 Rc8 26. Nc1 Rc7 27. Kf2 Qc8 28. Na2 Be7 29. Rxc7 Qxc7 30. Qc2 Qxc2+ 31. Bxc2 Be8 32. Nd2 Nd7 33. Nb3 Bd8 34. Ke3 b6 35. Nac1 h6 36. h4 g5 37. hxg5 hxg5 38. Ne2 Bh5 39. Nbc1 Nf8 40. Nd3 Ng6 41. Bb3 Nh8 42. Ng1 Nf7 1/2-1/2

[Event "SVK-chT1E 1415"]
[Site "Slovakia"]
[Date "2014.11.30"]
[Round "4.6"]
[White "Starzec, Juraj"]
[Black "Koval, Anton"]
[Result "0-1"]
[WhiteElo "1958"]
[BlackElo "2170"]
[PlyCount "74"]
[EventDate "2014.10.18"]
[EventType "team-tourn"]
[EventRounds "11"]
[EventCountry "SVK"]
[SourceTitle "EXT 2016"]
[Source "ChessBase"]
[SourceDate "2015.10.08"]
[SourceVersion "1"]
[SourceVersionDate "2015.10.08"]
[SourceQuality "1"]
[WhiteTeam "Margecany"]
[BlackTeam "Bardejov"]
[WhiteTeamCountry "SVK"]
[BlackTeamCountry "SVK"]

1. e4 c5 2. Nf3 e6 3. d4 cxd4 4. Nxd4 a6 5. Bd3 Nc6 6. Nb3 Nf6 7. Nc3 Be7 8. 0-0 0-0 9. f4 d6 10. Be3 b5 11. a4 b4 12. Nb1 e5 13. N1d2 Ng4 14. Bf2 exf4 15. Nc4 Nxf2 16. Rxf2 Ne5 17. Rxf4 Bg5 18. Rf1 Qc7 19. Nbd2 Ng4 20. Nf3 Be3+ 21. Kh1 Nf2+ 22. Rxf2 Bxf2 23. Qe2 Bc5 24. e5 g6 25. exd6 Bxd6 26. Rf1 Be6 27. b3 Rae8 28. Qd2 Bc5 29. Qh6 f6 30. h4 Qg7 31. Qf4 Re7 32. Qg3 Bd5 33. Nh2 Be4 34. Bxe4 Rxe4 35. Qd3 Qe7 36. Qd5+ Kg7 37. Nf3 Rd8 0-1

[Event "SVK-chT2D 1314"]
[Site "Slovakia"]
[Date "2014.02.23"]
[Round "9.7"]
[White "Starzec, Juraj"]
[Black "Krajnik, Richard"]
[Result "1-0"]
[WhiteElo "1979"]
[BlackElo "1823"]
[PlyCount "181"]
[EventDate "2013.10.19"]
[EventType "team-tourn"]
[EventRounds "11"]
[EventCountry "SVK"]
[SourceTitle "EXT 2015"]
[Source "ChessBase"]
[SourceDate "2014.11.20"]
[SourceVersion "1"]
[SourceVersionDate "2014.11.20"]
[SourceQuality "1"]
[WhiteTeam "Margecany"]
[BlackTeam "Kosice Slavia UPJS III"]
[WhiteTeamCountry "SVK"]
[BlackTeamCountry "SVK"]

1. e4 c5 2. Nf3 Nc6 3. d4 cxd4 4. Nxd4 a6 5. Nc3 e6 6. Nxc6 bxc6 7. Bd3 Qc7 8. 0-0 Nf6 9. Qe2 Bd6 10. f4 Bc5+ 11. Kh1 d6 12. e5 dxe5 13. fxe5 Nd5 14. Ne4 Be7 15. Ng5 Bxg5 16. Bxg5 Bb7 17. c4 Nb4 18. Be4 c5 19. Qf3 Bxe4 20. Qxe4 Rc8 21. Bd2 Nc6 22. Bc3 0-0 23. Rf3 Ne7 24. Rd3 Rcd8 25. Rad1 Rxd3 26. Qxd3 Nc6 27. Qe4 Ne7 28. Rd6 Qa7 29. Qd3 Qa8 30. h3 Ng6 31. Qg3 Qe4 32. Qd3 Qf4 33. Rd8 h5 34. g3 Qg5 35. Rxf8+ Nxf8 36. h4 Qc1+ 37. Kh2 Qa1 38. Qd6 Qxa2 39. Qxc5 Qa4 40. Qd4 Qc2+ 41. Qd2 Qf5 42. c5 Qe4 43. Qg2 Qc4 44. c6 Ng6 45. Qf3 Ne7 46. Qxh5 Qxc6 47. Qe2 Nd5 48. Be1 Qa4 49. Kg2 Qc6 50. Kh2 Qa4 51. Kh3 Qa2 52. Qc2 Qa1 53. Qc8+ Kh7 54. Qc2+ g6 55. Qe2 Qb1 56. Ba5 Qh1+ 57. Kg4 Qb1 58. Kh3 Qf5+ 59. Kh2 Ne7 60. Bd8 Nd5 61. Ba5 f6 62. exf6 Nxf6 63. Bc3 Ng4+ 64. Kg2 Qd5+ 65. Kh3 Nh6 66. Kh2 Qf5 67. Kg1 Qc5+ 68. Qf2 Qxf2+ 69. Kxf2 Kg8 70. Kf3 Kf7 71. g4 Ng8 72. h5 gxh5 73. gxh5 Nh6 74. b4 Nf5 75. Kf4 Nd6 76. Ke5 Ke7 77. Kf4 Kf7 78. Ke5 Ke7 79. Be1 Nf5 80. Bd2 Kf7 81. h6 Ne7 82. Kd6 Nf5+ 83. Kc5 Kg6 84. Kb6 e5 85. Kxa6 e4 86. b5 e3 87. Bc1 e2 88. Bd2 Nd4 89. b6 Nb3 90. Be1 Nc5+ 91. Kb5 1-0

[Event "SVK-chT2D 1314"]
[Site "Slovakia"]
[Date "2014.01.11"]
[Round "5.6"]
[White "Turzak, Milan"]
[Black "Starzec, Juraj"]
[Result "1/2-1/2"]
[WhiteElo "1983"]
[BlackElo "1979"]
[PlyCount "87"]
[EventDate "2013.10.19"]
[EventType "team-tourn"]
[EventRounds "11"]
[EventCountry "SVK"]
[SourceTitle "EXT 2015"]
[Source "ChessBase"]
[SourceDate "2014.11.20"]
[SourceVersion "1"]
[SourceVersionDate "2014.11.20"]
[SourceQuality "1"]
[WhiteTeam "Gelnica Slovan"]
[BlackTeam "Margecany"]
[WhiteTeamCountry "SVK"]
[BlackTeamCountry "SVK"]

1. e4 e5 2. Nf3 Nf6 3. Nc3 Nc6 4. d4 Bb4 5. d5 Nb8 6. Bd3 d6 7. h3 Nbd7 8. Bd2 Nc5 9. Qe2 a6 10. Nd1 Bxd2+ 11. Nxd2 0-0 12. Ne3 c6 13. c4 Nxd3+ 14. Qxd3 c5 15. Qe2 Bd7 16. 0-0 g6 17. g4 h5 18. Kg2 Kg7 19. Rh1 h4 20. Rag1 g5 21. Kh2 Nh7 22. Nf5+ Bxf5 23. gxf5 f6 24. Rg4 Kh8 25. Rhg1 Qe7 26. Nf3 Rg8 27. R4g2 Qf7 28. Kh1 Qh5 29. Qe3 Rg7 30. Rg4 Rag8 31. Nh2 Nf8 32. Qd2 Qf7 33. R4g2 Nh7 34. Qe2 Qe8 35. Nf3 Qd7 36. Nd2 Qe8 37. Qg4 Qf7 38. Nf3 Qe8 39. Nh2 Qf7 40. Qd1 Qe8 41. Ng4 Re7 42. Ne3 Rgg7 43. Qb3 Qd8 44. Qa4 1/2-1/2

[Event "SVK-chT2D 1213"]
[Site "Slovakia"]
[Date "2013.03.16"]
[Round "10.5"]
[White "Starzec, Juraj"]
[Black "Kostelnik, Peter"]
[Result "1/2-1/2"]
[WhiteElo "2016"]
[BlackElo "2009"]
[PlyCount "115"]
[EventDate "2012.10.13"]
[EventType "team-tourn"]
[EventRounds "11"]
[EventCountry "SVK"]
[SourceTitle "EXT 2015"]
[Source "ChessBase"]
[SourceDate "2014.11.20"]
[SourceVersion "1"]
[SourceVersionDate "2014.11.20"]
[SourceQuality "1"]
[WhiteTeam "Margecany"]
[BlackTeam "Kosice Slavia TU IV"]
[WhiteTeamCountry "SVK"]
[BlackTeamCountry "SVK"]

1. e4 e6 2. d4 d5 3. Nd2 Nf6 4. e5 Nfd7 5. f4 c5 6. c3 Nc6 7. Ndf3 cxd4 8. cxd4 f6 9. Bd3 Be7 10. Ne2 0-0 11. 0-0 Qb6 12. Kh1 f5 13. h3 Kh8 14. b3 Nb4 15. Bb1 a5 16. a3 Nc6 17. Nc3 Ndb8 18. Be3 Na6 19. Bd3 Bd7 20. g4 g6 21. Ra2 Rg8 22. g5 Na7 23. h4 Rgc8 24. Nb1 Be8 25. Be2 Nb5 26. Qd2 Rc7 27. Rc1 Rac8 28. Rxc7 Rxc7 29. Bd3 Na7 30. Qd1 Bb5 31. h5 Bxd3 32. Qxd3 Qb5 33. Qd1 gxh5 34. Rh2 Qe8 35. Ng1 Nb5 36. Rxh5 Nxa3 37. Nxa3 Bxa3 38. Rh6 Bf8 39. Rh2 Kg8 40. Bd2 Nb4 41. Nf3 b5 42. Qe1 Rg7 43. Nh4 Nc6 44. Be3 a4 45. bxa4 bxa4 46. g6 hxg6 47. Nf3 Be7 48. Bf2 Rh7 49. Bh4 Qd8 50. Qg3 Kg7 51. Bf6+ Bxf6 52. exf6+ Qxf6 53. Ng5 Rxh2+ 54. Qxh2 Ne7 55. Qa2 Nc6 56. Qxa4 Ne7 57. Qd7 Kg8 58. Nxe6 1/2-1/2

[Event "SVK-chT2D 1213"]
[Site "Slovakia"]
[Date "2012.12.02"]
[Round "4.3"]
[White "Starzec, Juraj"]
[Black "Pcola, Pavol"]
[Result "0-1"]
[WhiteElo "2016"]
[BlackElo "2393"]
[PlyCount "102"]
[EventDate "2012.10.13"]
[EventType "team-tourn"]
[EventRounds "11"]
[EventCountry "SVK"]
[SourceTitle "EXT 2015"]
[Source "ChessBase"]
[SourceDate "2014.11.20"]
[SourceVersion "1"]
[SourceVersionDate "2014.11.20"]
[SourceQuality "1"]
[WhiteTeam "Margecany"]
[BlackTeam "Humenne"]
[WhiteTeamCountry "SVK"]
[BlackTeamCountry "SVK"]

1. e4 e6 2. d4 d5 3. Nd2 Nf6 4. e5 Nfd7 5. f4 c5 6. c3 Nc6 7. Ndf3 Qb6 8. g3 cxd4 9. cxd4 Bb4+ 10. Kf2 f6 11. Kg2 0-0 12. Bd3 Rf7 13. a3 Be7 14. Ne2 a5 15. Bc2 Nf8 16. h4 Bd7 17. Rb1 Rc8 18. Be3 Qc7 19. Ba4 Na7 20. Bxd7 Nxd7 21. Rc1 Qb6 22. Rxc8+ Nxc8 23. Qc2 Na7 24. Rc1 Nc6 25. Bf2 Bf8 26. Nc3 Qa6 27. Qe2 Qxe2 28. Nxe2 Nb6 29. Nd2 Rc7 30. Rc2 Kf7 31. Nc1 Rc8 32. Nd3 a4 33. g4 Be7 34. Kg3 h5 35. g5 Nxd4 36. Rxc8 Nf5+ 37. Kh3 Nxc8 38. Nc5 Bxc5 39. Bxc5 fxe5 40. fxe5 Nce7 41. Nf3 Ng6 42. Bf2 Nf4+ 43. Kh2 Nd3 44. Ba7 Nxb2 45. g6+ Kxg6 46. Ng5 Nxh4 47. Nxe6 Nf3+ 48. Kg3 Nxe5 49. Bd4 Nec4 50. Nc7 Kf5 51. Nxd5 Ke4 0-1

[Event "SVK-chT2D 1213"]
[Site "Slovakia"]
[Date "2012.10.13"]
[Round "1.4"]
[White "Starzec, Juraj"]
[Black "Jacko, Vladimir"]
[Result "1/2-1/2"]
[WhiteElo "2016"]
[BlackElo "2072"]
[PlyCount "67"]
[EventDate "2012.10.13"]
[EventType "team-tourn"]
[EventRounds "11"]
[EventCountry "SVK"]
[SourceTitle "EXT 2015"]
[Source "ChessBase"]
[SourceDate "2014.11.20"]
[SourceVersion "1"]
[SourceVersionDate "2014.11.20"]
[SourceQuality "1"]
[WhiteTeam "Margecany"]
[BlackTeam "Presov Tatran Dason"]
[WhiteTeamCountry "SVK"]
[BlackTeamCountry "SVK"]

1. e4 c5 2. Nf3 Nc6 3. d4 cxd4 4. Nxd4 g6 5. Nc3 Bg7 6. Be3 Nf6 7. Be2 0-0 8. Qd2 d5 9. exd5 Nxd5 10. Nxd5 Qxd5 11. Bf3 Qc4 12. Be2 Qb4 13. Nxc6 Qxd2+ 14. Bxd2 bxc6 15. 0-0-0 Be6 16. Be3 Rfc8 17. Bc5 Kf8 18. h4 h5 19. f3 a5 20. g4 Rcb8 21. Bd4 c5 22. Bxg7+ Kxg7 23. a3 Kf6 24. gxh5 gxh5 25. f4 Rh8 26. Rhg1 Rag8 27. Rg5 Rxg5 28. fxg5+ Ke5 29. Rf1 c4 30. Kd2 Kd4 31. Rf4+ Ke5 32. Rf1 Kd4 33. Rf4+ Ke5 34. Rf1 1/2-1/2

[Event "SVK-chT2D 10/11"]
[Site "Slovakia"]
[Date "2011.03.27"]
[Round "11.5"]
[White "Starzec, Juraj"]
[Black "Kendi, Stefan"]
[Result "1-0"]
[WhiteElo "2020"]
[BlackElo "2058"]
[PlyCount "74"]
[EventDate "2010.10.23"]
[EventType "team-tourn"]
[EventRounds "11"]
[EventCountry "SVK"]
[SourceTitle "EXT 2019"]
[Source "ChessBase"]
[SourceDate "2018.10.10"]
[SourceVersion "1"]
[SourceVersionDate "2018.10.10"]
[SourceQuality "1"]
[WhiteTeam "Margecany OSK"]
[BlackTeam "Velke Kapusany"]
[WhiteTeamCountry "SVK"]
[BlackTeamCountry "SVK"]

1. e4 e6 2. d4 d5 3. Nd2 Nf6 4. e5 Nfd7 5. f4 c5 6. c3 Nc6 7. Ndf3 b6 8. Bd3 Be7 9. Ne2 cxd4 10. cxd4 Nb4 11. Bb1 Ba6 12. a3 Nc6 13. f5 exf5 14. Bxf5 g6 15. Bd3 Bb7 16. Nf4 Nf8 17. Be3 Qd7 18. 0-0 Nd8 19. Qb3 Bc6 20. Rac1 Nfe6 21. Nxe6 fxe6 22. Ng5 Ba4 23. Qc3 Bxg5 24. Bxg5 Nf7 25. Bf6 Rg8 26. Ba6 Bb5 27. Bc8 Rxc8 28. Qxc8+ Nd8 29. Rf2 Bc4 30. Qb8 Rf8 31. b3 b5 32. bxc4 dxc4 33. Qxd8+ Qxd8 34. Bxd8 Rxf2 35. Kxf2 Kxd8 36. a4 a6 37. axb5 axb5 1-0

[Event "SVK-chT2D 10/11"]
[Site "Slovakia"]
[Date "2011.03.05"]
[Round "8.4"]
[White "Starzec, Juraj"]
[Black "Skovran, Jaroslav"]
[Result "1/2-1/2"]
[WhiteElo "2020"]
[BlackElo "2034"]
[PlyCount "51"]
[EventDate "2010.10.23"]
[EventType "team-tourn"]
[EventRounds "11"]
[EventCountry "SVK"]
[SourceTitle "EXT 2019"]
[Source "ChessBase"]
[SourceDate "2018.10.10"]
[SourceVersion "1"]
[SourceVersionDate "2018.10.10"]
[SourceQuality "1"]
[WhiteTeam "Margecany OSK"]
[BlackTeam "Sabinov II"]
[WhiteTeamCountry "SVK"]
[BlackTeamCountry "SVK"]

1. e4 d6 2. d4 Nf6 3. Nc3 g6 4. Bc4 Nbd7 5. Nf3 Nb6 6. Bb3 Bg7 7. h3 0-0 8. Be3 Be6 9. Qe2 Bxb3 10. axb3 Nfd7 11. 0-0 a6 12. Qd2 Rc8 13. Bh6 c5 14. Bxg7 Kxg7 15. Rfe1 e6 16. Rad1 Qc7 17. Qg5 cxd4 18. Rxd4 Nf6 19. Red1 Rcd8 20. Qd2 Ne8 21. Ne5 Nc8 22. Ng4 f5 23. exf5 Rxf5 24. Qh6+ Kh8 25. Qe3 Ng7 26. Nh6 1/2-1/2

[Event "SVK-chT2D 0910"]
[Site "Slovakia"]
[Date "2009.12.12"]
[Round "5.3"]
[White "Harvan, Richard"]
[Black "Starzec, Juraj"]
[Result "1-0"]
[WhiteElo "1833"]
[BlackElo "2021"]
[PlyCount "69"]
[EventDate "2009.10.10"]
[EventType "team"]
[EventRounds "11"]
[EventCountry "SVK"]
[SourceTitle "EXT 2011"]
[Source "ChessBase"]
[SourceDate "2010.11.26"]
[SourceVersion "1"]
[SourceVersionDate "2010.11.26"]
[SourceQuality "1"]
[WhiteTeam "Kosice Slavia IV"]
[BlackTeam "Margecany"]
[WhiteTeamCountry "SVK"]
[BlackTeamCountry "SVK"]

1. e4 e5 2. Nf3 Nf6 3. d3 Nc6 4. c3 d5 5. exd5 Nxd5 6. Nbd2 Be7 7. Nc4 Bf6 8. Be2 0-0 9. 0-0 Re8 10. Nfd2 Be6 11. Ne4 Be7 12. Ne3 Nf4 13. Nc2 Nxe2+ 14. Qxe2 f5 15. Ng3 Qd7 16. f4 Bc5+ 17. Be3 exf4 18. Rxf4 Bd6 19. Rf2 Bxg3 20. hxg3 Ne5 21. Rf4 Ng4 22. Qd2 Qf7 23. Nd4 Qh5 24. Nf3 Bd5 25. Bd4 b6 26. Nh4 Nh6 27. Re1 Rxe1+ 28. Qxe1 Re8 29. Qf1 Re2 30. Nf3 Bxf3 31. Rxf3 Qe8 32. Bf2 g6 33. Qc1 Ng4 34. Qf4 Nxf2 35. Rxf2 1-0

[Event "SVK-chT1E 0809"]
[Site "Slovakia"]
[Date "2008.11.23"]
[Round "4.2"]
[White "Starzec, Juraj"]
[Black "Tatarko, Tomas"]
[Result "1/2-1/2"]
[WhiteElo "2042"]
[BlackElo "2043"]
[PlyCount "29"]
[EventDate "2008.10.18"]
[EventType "team-tourn"]
[EventRounds "11"]
[EventCountry "SVK"]
[SourceTitle "EXT 2010"]
[Source "ChessBase"]
[SourceDate "2010.11.25"]
[SourceVersion "1"]
[SourceVersionDate "2010.11.25"]
[SourceQuality "1"]
[WhiteTeam "Margecany OSK"]
[BlackTeam "Sabinov"]
[WhiteTeamCountry "SVK"]
[BlackTeamCountry "SVK"]

1. e4 c5 2. Nf3 d6 3. d4 cxd4 4. Nxd4 Nf6 5. Nc3 a6 6. a4 Qc7 7. Be2 e5 8. Nb3 Be6 9. Be3 Nbd7 10. a5 Be7 11. 0-0 0-0 12. f3 Qc6 13. Qd2 d5 14. exd5 Nxd5 15. Nxd5 1/2-1/2

[Event "SVK-chT1E 0708"]
[Site "Slovakia"]
[Date "2007.12.08"]
[Round "5.1"]
[White "Starzec, Juraj"]
[Black "Cech, Dominik"]
[Result "0-1"]
[WhiteElo "2041"]
[BlackElo "2065"]
[PlyCount "67"]
[EventDate "2007.10.13"]
[EventType "team-swiss"]
[EventRounds "11"]
[EventCountry "SVK"]
[SourceTitle "EXT 2009"]
[Source "ChessBase"]
[SourceDate "2008.11.26"]
[SourceVersion "1"]
[SourceVersionDate "2008.11.26"]
[SourceQuality "1"]
[WhiteTeam "Margecany OSK"]
[BlackTeam "Michalovce Zemplin"]
[WhiteTeamCountry "SVK"]
[BlackTeamCountry "SVK"]

1. e4 c5 2. Nf3 e6 3. Nc3 Nc6 4. d4 cxd4 5. Nxd4 a6 6. Be2 Qc7 7. a4 Nf6 8. 0-0 Nxd4 9. Qxd4 Bc5 10. Qd3 h5 11. Qg3 Qxg3 12. hxg3 d6 13. Bf4 e5 14. Bg5 Be6 15. Rfd1 Bd4 16. Bxf6 gxf6 17. Nd5 Bxd5 18. exd5 Ke7 19. c3 Ba7 20. Bd3 Rag8 21. Kf1 h4 22. gxh4 Rxh4 23. Bf5 Rf4 24. Bh3 Rxf2+ 25. Ke1 Rg3 26. Rdb1 f5 27. b4 Rxc3 28. b5 Bd4 29. bxa6 bxa6 30. Rb7+ Kf6 31. Rab1 Rcc2 32. Rd7 Bc5 33. Kd1 Ra2 34. Ke1 0-1